| 000 | 00489nam a2200157Ia 4500 | ||
|---|---|---|---|
| 008 | 220216s9999 xx 000 0 und d | ||
| 100 |
_aStiles J I _cet al |
||
| 245 | 0 | _aUsing randomly amplified polymorphic DNA for evaluating genetic relationships among papaya cultivars | |
| 260 |
_bTheoretical and Applied Genetics _c1993 |
||
| 300 | _a697-701 | ||
| 650 | _aCarica papaya L | ||
| 650 | _aGenetic polymorphism | ||
| 650 | _aPolymerase chain reaction | ||
| 650 | _aRAPD | ||
| 942 | _cJS | ||
| 999 |
_c71999 _d71999 |
||